Split Personality (Picture Quiz) Stats

 Plays Quiz not verified by Sporcle

Challenge
Share
Tweet
Score 0/18 Timer 05:00
0 Plays Today
% Correct
Chandler Bing
90.3%
Monica Geller
88.6%
Charlie Wheeler
42%
Sylar
36.9%
Hooch
27.8%
Nina Myers
14.2%
Charles Logan
13.1%
Michelle Dessler
11.9%
Lila Tournay
11.4%
% Correct
Murray Marks
10.8%
Dr. Taylor Maddox
9.1%
Amy Goodspeed
7.4%
Adam Kaufman
5.1%
Steve
4%
Theodore Hannigan
3.4%
Marianne Taylor
2.8%
Stacie Monroe
2.8%
Carly Forlano
0%

You're not logged in!

Compare scores with friends on all Sporcle quizzes.
OR
Log In

You Might Also Like...

Show Comments

Extras

Top Quizzes Today


Score Distribution

Your Account Isn't Verified!

In order to create a playlist on Sporcle, you need to verify the email address you used during registration. Go to your Sporcle Settings to finish the process.

Report this User

Report this user for behavior that violates our Community Guidelines.

Details: